[Event "GER-chT U14 Girls"]
[Site "Neumuenster"]
[Date "2018.12.28"]
[Round "3.3"]
[White "Margaryan, Susanna"]
[Black "Pflugradt, Natalie"]
[Result "1/2-1/2"]
[WhiteElo "960"]
[BlackElo "1472"]
[PlyCount "65"]
[EventDate "2018.12.27"]
[EventType "team-swiss"]
[EventRounds "7"]
[EventCountry "GER"]
[SourceTitle "CBM 188 Extra"]
[Source "ChessBase"]
[SourceDate "2019.02.28"]
[SourceVersion "1"]
[SourceVersionDate "2019.02.28"]
[SourceQuality "1"]
[WhiteTeam "Elmshorn"]
[BlackTeam "Stadtilm Blau Weiss"]
[WhiteTeamCountry "GER"]
[BlackTeamCountry "GER"]

1. d4 Nf6 2. Nc3 e6 3. Bg5 Be7 4. e4 d6 5. Nf3 Nfd7 6. Bxe7 Qxe7 7. Bd3 Nf8 8. 0-0 Ng6 9. Qd2 Nd7 10. Rfe1 Nh4 11. Nxh4 Qxh4 12. Re3 Qd8 13. Rd1 b6 14. Bb5 Bb7 15. h3 a6 16. Bd3 0-0 17. Rg3 Kh8 18. Qf4 e5 19. Qg4 Rg8 20. d5 Qe7 21. Ne2 Nc5 22. b3 Bc8 23. Qg5 Qxg5 24. Rxg5 f6 25. Rg3 Nxd3 26. Rdxd3 Bd7 27. a4 f5 28. exf5 Bxf5 29. Rc3 Rac8 30. Nc1 Be4 31. f3 Bxd5 32. Kf2 Rgf8 33. Ke3 1/2-1/2

[Event "GER-ch U25-B"]
[Site "Willingen"]
[Date "2018.05.21"]
[Round "3"]
[White "Strack, Patrick"]
[Black "Pflugradt, Natalie"]
[Result "1/2-1/2"]
[WhiteElo "1742"]
[BlackElo "1514"]
[PlyCount "76"]
[EventDate "2018.05.19"]
[EventType "swiss"]
[EventRounds "9"]
[EventCountry "GER"]
[SourceTitle "CBM 184 Extra"]
[Source "ChessBase"]
[SourceDate "2018.06.28"]
[SourceVersion "1"]
[SourceVersionDate "2018.06.28"]
[SourceQuality "1"]

1. e4 e5 2. Nf3 Nc6 3. Bc4 Bc5 4. b4 Bxb4 5. c3 Ba5 6. d4 d6 7. 0-0 Bb6 8. dxe5 dxe5 9. Qxd8+ Nxd8 10. Nxe5 Be6 11. Nd2 Ne7 12. Ba3 Bxc4 13. Ndxc4 Ne6 14. Rad1 Bc5 15. Rd3 b5 16. Rg3 bxc4 17. Bxc5 Nxc5 18. Rxg7 f6 19. Nxc4 Ne6 20. Rg3 0-0-0 21. Rb1 Nc6 22. Re3 Rhe8 23. f3 Nf4 24. g3 Nd3 25. Rb5 Nde5 26. Nxe5 Rxe5 27. Rb2 f5 28. Kg2 a6 29. c4 Rd4 30. Ra3 fxe4 31. fxe4 Rdxe4 32. Rxa6 Re2+ 33. Rxe2 Rxe2+ 34. Kf3 Re6 35. Ra8+ Kb7 36. Ra4 Nd4+ 37. Kf4 c5 38. Ra3 Kb6 1/2-1/2

[Event "GER-chT U14"]
[Site "Duesseldorf"]
[Date "2016.12.29"]
[Round "6.4"]
[White "Rothenberg, Nina"]
[Black "Pflugradt, Natalie"]
[Result "1-0"]
[WhiteElo "1400"]
[BlackElo "1450"]
[PlyCount "69"]
[EventDate "2016.12.27"]
[EventType "team-swiss"]
[EventRounds "7"]
[EventCountry "GER"]
[SourceTitle "EXT 2018"]
[Source "ChessBase"]
[SourceDate "2017.10.13"]
[SourceVersion "1"]
[SourceVersionDate "2017.10.13"]
[SourceQuality "1"]
[WhiteTeam "Uelzen Post U14"]
[BlackTeam "Stadtilm Blau Weiss U14"]
[WhiteTeamCountry "GER"]
[BlackTeamCountry "GER"]

1. e4 e5 2. Nf3 Nc6 3. d4 exd4 4. Nxd4 Bc5 5. Be3 Qf6 6. c3 Nge7 7. Bc4 b6 8. 0-0 Bb7 9. Re1 0-0-0 10. b4 Bd6 11. a4 h5 12. a5 g5 13. axb6 axb6 14. Qa4 Rdg8 15. Ba6 Nb8 16. Bxb7+ Kxb7 17. Qa8+ Kc8 18. Na3 Nec6 19. Nab5 Be7 20. Nxc6 dxc6 21. Na7+ Kd7 22. Red1+ Bd6 23. Qb7 Qe6 24. Bxb6 Ke7 25. Bxc7 Bxc7 26. Qxc7+ Kf8 27. Qxb8+ Kg7 28. Qg3 Kh7 29. Qf3 Kh6 30. h3 Rg6 31. b5 cxb5 32. Nxb5 Kg7 33. Nd4 Qe5 34. Nf5+ Kh7 35. Qxh5+ 1-0

[Event "GER-chT U10"]
[Site "Magdeburg"]
[Date "2015.12.29"]
[Round "6.1"]
[White "Pflugradt, Natalie"]
[Black "Hommer, Jeremy"]
[Result "0-1"]
[WhiteElo "1274"]
[BlackElo "1657"]
[PlyCount "83"]
[EventDate "2015.12.27"]
[EventType "team-swiss"]
[EventRounds "7"]
[EventCountry "GER"]
[SourceTitle "EXT 2017"]
[Source "ChessBase"]
[SourceDate "2016.10.25"]
[SourceVersion "1"]
[SourceVersionDate "2016.10.25"]
[SourceQuality "1"]
[WhiteTeam "Stadtilm Blau Weiss"]
[BlackTeam "Lueneburg Turm"]
[WhiteTeamCountry "GER"]
[BlackTeamCountry "GER"]

1. e4 c6 2. Nc3 d5 3. f4 dxe4 4. Nxe4 Nf6 5. Nf2 h5 6. h3 Bf5 7. Nf3 h4 8. Bc4 e6 9. 0-0 Bd6 10. d4 Qc7 11. Ne5 Nd5 12. Bxd5 cxd5 13. Nfd3 Nd7 14. Nxd7 Qxd7 15. Qe2 Rc8 16. c3 Qc7 17. Be3 Rg8 18. Rac1 a6 19. b3 b5 20. Nb2 Qa5 21. Nd1 Ba3 22. b4 Qb6 23. Nb2 a5 24. bxa5 Qxa5 25. Ra1 Kd7 26. Nd3 Qxc3 27. Ne5+ Ke7 28. Bd2 Qxd4+ 29. Be3 Qb2 30. Qxb2 Bxb2 31. Rad1 Rc2 32. Nd3 Rgc8 33. Nxb2 Rxb2 34. Rc1 Rbc2 35. Rxc2 Rxc2 36. a3 Be4 37. Rf2 Rxf2 38. Bxf2 Kd6 39. Bxh4 Kc5 40. Bf2+ Kc4 41. Kf1 Bg6 42. g4 0-1

[Event "GER-chT U10"]
[Site "Magdeburg"]
[Date "2015.12.28"]
[Round "5.1"]
[White "Seibt, Bruno"]
[Black "Pflugradt, Natalie"]
[Result "0-1"]
[WhiteElo "1050"]
[BlackElo "1274"]
[PlyCount "42"]
[EventDate "2015.12.27"]
[EventType "team-swiss"]
[EventRounds "7"]
[EventCountry "GER"]
[SourceTitle "EXT 2017"]
[Source "ChessBase"]
[SourceDate "2016.10.25"]
[SourceVersion "1"]
[SourceVersionDate "2016.10.25"]
[SourceQuality "1"]
[WhiteTeam "Oberland"]
[BlackTeam "Stadtilm Blau Weiss"]
[WhiteTeamCountry "GER"]
[BlackTeamCountry "GER"]

1. e4 e5 2. Nf3 Nc6 3. Bc4 Bc5 4. c3 Nf6 5. d4 exd4 6. cxd4 Bb4+ 7. Nc3 Nxe4 8. 0-0 Bxc3 9. bxc3 d5 10. Bd3 Bf5 11. c4 0-0 12. cxd5 Qxd5 13. Bb2 Rfe8 14. Re1 Rad8 15. Qc2 Nb4 16. Qd1 Nxd3 17. Qxd3 Ng5 18. Qc3 Nxf3+ 19. gxf3 Bh3 20. Re3 Qg5+ 21. Kh1 Qg2# 0-1

[Event "GER-ch U10"]
[Site "Willingen"]
[Date "2015.05.30"]
[Round "11"]
[White "Pflugradt, Natalie"]
[Black "Wallat, Alexandra"]
[Result "1/2-1/2"]
[WhiteElo "1120"]
[BlackElo "935"]
[PlyCount "70"]
[EventDate "2015.05.24"]
[EventType "swiss"]
[EventRounds "11"]
[EventCountry "GER"]
[SourceTitle "CBM 166 Extra"]
[Source "ChessBase"]
[SourceDate "2015.06.18"]
[SourceVersion "1"]
[SourceVersionDate "2015.06.18"]
[SourceQuality "1"]

1. e4 e6 2. Nc3 d5 3. exd5 exd5 4. d4 Nf6 5. h3 c5 6. Be3 c4 7. a3 Bd6 8. Nf3 0-0 9. Be2 Be6 10. 0-0 Nbd7 11. Qd2 Ne4 12. Nxe4 dxe4 13. Ne1 Nf6 14. c3 Qe7 15. Nc2 Rfd8 16. Rad1 Bc5 17. Qc1 Bd6 18. Rfe1 Bc7 19. Bf4 Bxf4 20. Qxf4 Qd6 21. Qc1 Rac8 22. Ne3 b5 23. Rd2 Nd5 24. Nxd5 Qxd5 25. Red1 f6 26. Qc2 Qg5 27. Qxe4 Bxh3 28. Kh2 Bf5 29. Qf3 Qh4+ 30. Kg1 Bd7 31. Bf1 Re8 32. Qd5+ Kh8 33. Qxd7 Rg8 34. Re2 Qh5 35. g4 Qg6 1/2-1/2

[Event "GER-chT U10"]
[Site "Magdeburg"]
[Date "2013.12.28"]
[Round "5.4"]
[White "Pflugradt, Natalie"]
[Black "Schauties, Nico Antonio"]
[Result "1-0"]
[WhiteElo "878"]
[BlackElo "600"]
[PlyCount "41"]
[EventDate "2013.12.27"]
[EventType "team-swiss"]
[EventRounds "5"]
[EventCountry "GER"]
[SourceTitle "EXT 2015"]
[Source "ChessBase"]
[SourceDate "2014.11.20"]
[SourceVersion "1"]
[SourceVersionDate "2014.11.20"]
[SourceQuality "1"]
[WhiteTeam "Stadtilm Blau Weiss"]
[BlackTeam "Treptow"]
[WhiteTeamCountry "GER"]
[BlackTeamCountry "GER"]

1. e4 e5 2. Nf3 Nc6 3. Bc4 Nf6 4. Nc3 Nxe4 5. Nxe4 d5 6. Bd3 dxe4 7. Bxe4 Bc5 8. d3 Bg4 9. Be3 Bb6 10. Qd2 0-0 11. 0-0-0 f5 12. Bxc6 bxc6 13. Rde1 f4 14. Bxb6 cxb6 15. Nxe5 Bd7 16. Qc3 Qc7 17. Qc4+ Kh8 18. Nf7+ Rxf7 19. Qxf7 h6 20. Re7 Rd8 21. Qxg7# 1-0